000 00379nam a2200157Ia 4500
008 230917s9999||||xx |||||||||||||| ||und||
020 _cPON8.95
040 _e12562
_aMAIN
041 _aEnglish
082 _a301.44 C88E
100 _aCromptan, Rosemary
245 0 _aEconomy and class structure
260 _aLondon
_bMacmillan
_c1977
300 _aix, 243 p.
942 _cBK
999 _c198646
_d198646